Wind Loading of Structures (Record no. 546632)
[ view plain ]
| 000 -LEADER | |
|---|---|
| fixed length control field | 00655cam a22001812 b4500 |
| 020 ## - INTERNATIONAL STANDARD BOOK NUMBER | |
| International Standard Book Number | 041924610X (Trade Cloth) |
| 020 ## - INTERNATIONAL STANDARD BOOK NUMBER | |
| International Standard Book Number | 9780419246107 |
| 082 00 - DEWEY DECIMAL CLASSIFICATION NUMBER | |
| Classification number | 624.175 |
| Author Mark | HOL |
| -- | N-01, P-108 |
| 100 1# - MAIN ENTRY--PERSONAL NAME | |
| Personal name | Holmes, John D. |
| 9 (RLIN) | 42798 |
| 245 10 - TITLE STATEMENT | |
| Title | Wind Loading of Structures |
| 260 ## - PUBLICATION, DISTRIBUTION, ETC. | |
| Name of publisher, distributor, etc. | Spon Press [Imprint] |
| Date of publication, distribution, etc. | July 2001 |
| Place of publication, distribution, etc. | New York : |
| Name of publisher, distributor, etc. | Routledge |
| Place of publication, distribution, etc. | Florence : |
| Name of publisher, distributor, etc. | Taylor & Francis Group [Distributor] |
| 300 ## - PHYSICAL DESCRIPTION | |
| Extent | viii, 356P. |
| 520 8# - SUMMARY, ETC. | |
| Summary, etc. | Annotation |
| 526 ## - STUDY PROGRAM INFORMATION NOTE | |
| Program name | 0 |
| Interest level | 0 |
| Reading level | 0 |
| Title point value | 624_175000000000000_HOL |
| 856 40 - ELECTRONIC LOCATION AND ACCESS | |
| Uniform Resource Identifier | <a href="http://www.columbia.edu/cgi-bin/cul/resolve?clio7940231.001">http://www.columbia.edu/cgi-bin/cul/resolve?clio7940231.001</a> |
| 856 40 - ELECTRONIC LOCATION AND ACCESS | |
| Uniform Resource Identifier | <a href="http://www.columbia.edu/cgi-bin/cul/resolve?clio7940231.002">http://www.columbia.edu/cgi-bin/cul/resolve?clio7940231.002</a> |
| 942 ## - ADDED ENTRY ELEMENTS (KOHA) | |
| Source of classification or shelving scheme | |
| Koha item type | Book |
| Withdrawn status | Lost status | Source of classification or shelving scheme | Damaged status | Not for loan | Permanent Location | Current Location | Date acquired | Total Checkouts | Full call number | Barcode | Date last seen | Price effective from | Koha item type |
|---|---|---|---|---|---|---|---|---|---|---|---|---|---|
| Military College of Engineering (MCE) | Military College of Engineering (MCE) | 06/17/2014 | 624.175 HOL | MCE-37228 | 06/17/2014 | 06/17/2014 | Book |
